15 Largest Cities in Tajikistan🇹🇯 - Statistics

General Stats
  • This quiz has been taken 18 times
  • The average score is 3 of 15
Answer Stats
Population City % Correct
679k Dushanbe
100%
144k Khujand
40%
78k Kulob
33%
35k Panjakent
33%
37k Isfara
20%
65k Qurghonteppa
20%
45k Vahdat
20%
52k Istaravshan
13%
50k Konibodom
13%
37k Tursunzoda
13%
22k Danghara
7%
30k Khorugh
7%
23k Boshkengash
0%
23k Hisor
0%
26k Ishqoshim
0%
No matching quizzes found
Score Distribution
Percent of People with Each Score
Percentile by Number Answered
Your Score History
You have not taken this quiz